MARC details
| 000 -LEADER |
| fixed length control field |
02652pam a2200421 i 4500 |
| 001 - CONTROL NUMBER |
| control field |
2022060938 |
| 003 - CONTROL NUMBER IDENTIFIER |
| control field |
DLC |
| 005 - DATE AND TIME OF LATEST TRANSACTION |
| control field |
20250328134004.0 |
| 008 - FIXED-LENGTH DATA ELEMENTS--GENERAL INFORMATION |
| fixed length control field |
221219s2023 mnua b 001 0 eng |
| 010 ## - LIBRARY OF CONGRESS CONTROL NUMBER |
| LC control number |
2022060938 |
| 020 ## - INTERNATIONAL STANDARD BOOK NUMBER |
| International Standard Book Number |
9781647553258 |
| Qualifying information |
(paperback) |
| 020 ## - INTERNATIONAL STANDARD BOOK NUMBER |
| Cancelled/invalid ISBN |
9781647553265 |
| Qualifying information |
(ebook) |
| 035 ## - SYSTEM CONTROL NUMBER |
| System control number |
(OCoLC)1381208850 |
| 040 ## - CATALOGING SOURCE |
| Original cataloging agency |
DNAL/DLC |
| Language of cataloging |
eng |
| Description conventions |
rda |
| Transcribing agency |
DLC |
| Modifying agency |
DLC |
| -- |
TnLvILS |
| 042 ## - AUTHENTICATION CODE |
| Authentication code |
pcc |
| 043 ## - GEOGRAPHIC AREA CODE |
| Geographic area code |
nr----- |
| 050 00 - LIBRARY OF CONGRESS CALL NUMBER |
| Classification number |
QK139 |
| Item number |
.M55 2023 |
| 082 00 - DEWEY DECIMAL CLASSIFICATION NUMBER |
| Classification number |
581.978 |
| Edition number |
23/eng/20230605 |
| 092 ## - LOCALLY ASSIGNED DEWEY CALL NUMBER (OCLC) |
| Item number |
581.97 Miller, George Oxford |
| 100 1# - MAIN ENTRY--PERSONAL NAME |
| Personal name |
Miller, George Oxford, |
| Dates associated with a name |
1943- |
| Relator term |
author. |
| 9 (RLIN) |
6540191 |
| 245 10 - TITLE STATEMENT |
| Title |
Rocky Mountain plant guide / |
| Statement of responsibility, etc |
George Oxford Miller. |
| 250 ## - EDITION STATEMENT |
| Edition statement |
First edition. |
| 264 #1 - Production, Publication, Distribution, Manufacture, and Copyright Notice. |
| Place of production, publication, distribution, manufacture |
Cambridge, Minnesota : |
| Name of producer, publisher, distributor, manufacturer |
Adventure Publications, |
| Date of production, publication, distribution, manufacture, or copyr |
[2023] |
| 264 #4 - Production, Publication, Distribution, Manufacture, and Copyright Notice. |
| Date of production, publication, distribution, manufacture, or copyr |
2023 |
| 300 ## - PHYSICAL DESCRIPTION |
| Extent |
iv, 412 pages : |
| Other physical details |
color illustrations ; |
| Dimensions |
21 cm |
| 336 ## - Content Type |
| Content type term |
text |
| 337 ## - Media type |
| Media type term |
unmediated |
| 338 ## - Carrier type |
| Carrier type term |
volume |
| 504 ## - BIBLIOGRAPHY, ETC. NOTE |
| Bibliography, etc |
Includes bibliographical references and index. |
| 520 ## - SUMMARY, ETC. |
| Summary, etc |
"The Rocky Mountains are not one continuous, homogenous range formed at the same time by the same processes. The more than 100 separate ranges can be divided into the Northern and Canadian Rockies, Middle Rockies, and Southern Rockies separated by plateaus and basins. Each region has its own distinct topography, geology, and ecosystems. Within each region, altitude, precipitation, and exposure create broad, well-defined life or bio zones with numerous unique habitats and vegetative associations, or communities, of plants. In this book, wildflowers and shrubs are lumped together, with trees in a separate section. Herbaceous perennial wildflowers freeze down to the roots ever winter and sprout in the spring. Annuals die in the fall and depend on seeds to germinate in the spring. Shrubs have woody stems and branches and reach 3-10 feet tall (1-3 m), sometimes developing into small trees. Trees usually have a single trunk and are greater than 15 feet tall (4.5 m). Herbaceous trees and shrubs lose their leaves in the autumn (aspen, cottonwoods) while evergreen species retain their leaves (pine, spruces, and firs)"-- |
| 530 ## - ADDITIONAL PHYSICAL FORM AVAILABLE NOTE |
| Additional physical form available note |
Also available online. |
| 650 #0 - SUBJECT ADDED ENTRY--TOPICAL TERM |
| Topical term or geographic name as entry element |
Plants |
| Geographic subdivision |
Rocky Mountains. |
| 9 (RLIN) |
6540192 |
| 650 #0 - SUBJECT ADDED ENTRY--TOPICAL TERM |
| Topical term or geographic name as entry element |
Mountain plants |
| Geographic subdivision |
Rocky Mountains. |
| 9 (RLIN) |
6540193 |
| 650 #0 - SUBJECT ADDED ENTRY--TOPICAL TERM |
| Topical term or geographic name as entry element |
Endemic plants |
| Geographic subdivision |
Rocky Mountains. |
| 9 (RLIN) |
6540194 |
| 655 #0 - INDEX TERM--GENRE/FORM |
| Genre/form data or focus term |
Field guides. |
| 9 (RLIN) |
5969365 |
| 776 08 - ADDITIONAL PHYSICAL FORM ENTRY |
| Display text |
Online version: |
| Main entry heading |
Miller, George Oxford, 1943- |
| Title |
Rocky Mountain plant guide |
| Edition |
First edition. |
| Place, publisher, and date of publication |
Cambridge, Minnesota : Adventure Publications, 2023 |
| International Standard Book Number |
9781647553265 |
| Record control number |
(DLC) 2022060939 |
| 942 ## - ADDED ENTRY ELEMENTS (KOHA) |
| Source of classification or shelving scheme |
Dewey Decimal Classification |
| Koha item type |
BOOK |